000 00923nam a2200253 u 4500
005 20241011063816.0
008 140507s2005 mx r 000 0 spa d
020 _a970772059X
035 _aUPN01000197061
049 _aLTG
050 4 _aLB2003 A1.46
_bA3.5
245 0 0 _aAdolescentes y aprendizaje escolar :
_banálisis y reflexión de la práctica docente en la escuela secundaria : guía de trabajo /
_cAmérica Martínez Frausto ... [et al.].
260 _aMéxico :
_bSEP,
_c2005.
300 _a2 v.
500 _a"Programa de formación"
505 8 _gv.1.
_tAntología --
_gv.2.
_tGuía de trabajo
650 4 _aEvaluación educativa
_zMéxico
_95996
650 4 _aMaestros en servicio, Formación de
_zMéxico
_9882
650 2 _aMaestros de escuela secundaria
_94214
650 4 _aEducación de adolescentes
_9252
700 1 _aMartínez Frausto, América,
_ecoaut.
905 _aLibro
999 _c169162
_d169162